ARRUPE JESUIT UNIVERSITY

CORONAVIRUS -STOP THE SPREAD - CLEAN,DISINFECT,COVER

The other Zulus (Record no. 125132)

MARC details
000 -LEADER
fixed length control field 01734cam a2200385 a 4500
001 - CONTROL NUMBER
control field 10680871
003 - CONTROL NUMBER IDENTIFIER
control field ARRUPE
005 - DATE AND TIME OF LATEST TRANSACTION
control field 20160824113827.0
006 - FIXED-LENGTH DATA ELEMENTS--ADDITIONAL MATERIAL CHARACTERISTICS--GENERAL INFORMATION
fixed length control field m d
007 - PHYSICAL DESCRIPTION FIXED FIELD--GENERAL INFORMATION
fixed length control field cr n
008 - FIXED-LENGTH DATA ELEMENTS--GENERAL INFORMATION
fixed length control field 120320s2012 ncua sb 001 0 eng d
020 ## - INTERNATIONAL STANDARD BOOK NUMBER
International Standard Book Number 9780822352952 (cloth : alk. paper)
020 ## - INTERNATIONAL STANDARD BOOK NUMBER
International Standard Book Number 9780822353096 (pbk. : alk. paper)
035 ## - SYSTEM CONTROL NUMBER
System control number (WaSeSS)ssj0000700790
040 ## - CATALOGING SOURCE
Original cataloging agency NcD/DLC
Transcribing agency NcD
Modifying agency DLC
-- WaSeSS
042 ## - AUTHENTICATION CODE
Authentication code pcc
043 ## - GEOGRAPHIC AREA CODE
Geographic area code f-sa---
-- e-uk---
-- f------
050 #4 - LIBRARY OF CONGRESS CALL NUMBER
Classification number DT1768.Z95
Item number M36 2012
082 00 - DEWEY DECIMAL CLASSIFICATION NUMBER
Classification number 968/.004963986
Edition number 23
300 ## - PHYSICAL DESCRIPTION
Dimensions 23cm.
100 1# - MAIN ENTRY--PERSONAL NAME
Personal name Mahoney, Michael R.
9 (RLIN) 25457
210 10 - ABBREVIATED TITLE
Abbreviated title The other Zulus
245 14 - TITLE STATEMENT
Title The other Zulus
Remainder of title the spread of Zulu ethnicity in colonial South Africa /
Statement of responsibility, etc by Michael R. Mahoney.
260 ## - PUBLICATION, DISTRIBUTION, ETC. (IMPRINT)
Place of publication, distribution, etc Durham, NC :
Name of publisher, distributor, etc Duke University Press,
Date of publication, distribution, etc 2012.
300 ## - PHYSICAL DESCRIPTION
Extent xi, 292p.;
490 0# - SERIES STATEMENT
Series statement Politics, history, and culture
504 ## - BIBLIOGRAPHY, ETC. NOTE
Bibliography, etc Includes bibliographical references and index.
505 0# - FORMATTED CONTENTS NOTE
Formatted contents note The failure of Zulu ethnic integration in the precolonial Zulu kingdom -- A Zulu king too strong to love, a colonial state too weak to hate, 1838-1879 -- Increasing conflict among Natal Africans, 1879-1906 -- The role of migrant labor in the spread of Zulu ethnicity, 1886-1906 -- Natal Africans' turn to Dinuzulu, 1898-1905 -- The poll tax protests and rebellion, 1905-1906.
506 ## - RESTRICTIONS ON ACCESS NOTE
Terms governing access License restrictions may limit access.
650 #0 - SUBJECT ADDED ENTRY--TOPICAL TERM
Topical term or geographic name as entry element Zulu (African people)
General subdivision Ethnic identity.
9 (RLIN) 25458
651 #0 - SUBJECT ADDED ENTRY--GEOGRAPHIC NAME
Geographic name KwaZulu-Natal (South Africa)
General subdivision Ethnic relations
-- History.
9 (RLIN) 25459
651 #0 - SUBJECT ADDED ENTRY--GEOGRAPHIC NAME
Geographic name Great Britain
General subdivision Colonies
Geographic subdivision Africa
General subdivision Administration.
9 (RLIN) 934
773 #0 - HOST ITEM ENTRY
Title e-Duke Books Scholarly Collection 2012
910 ## - USER-OPTION DATA (OCLC)
User-option data Library of Congress record
942 ## - ADDED ENTRY ELEMENTS (KOHA)
Source of classification or shelving scheme Library of Congress Classification
Koha item type Monograph ( Printed materials)
Holdings
Withdrawn status Lost status Source of classification or shelving scheme Damaged status Not for loan Collection code Home library Current library Shelving location Date acquired Total Checkouts Full call number Barcode Date last seen Date checked out Price effective from Koha item type
    Library of Congress Classification     Main Collection ARRUPE LIBRARY ARRUPE LIBRARY Main Collection 24/08/2016 1 DT1768.Z95M36 2012 46500009582 07/12/2017 31/01/2017 24/08/2016 Monograph ( Printed materials)

 

Arrupe Library. PO Box MP320 Mt Pleasant, Harare, Zimbabwe
263 242 745411|librarian@aju.ac.zw